| 000 | 00559nam a22001817a 4500 | ||
|---|---|---|---|
| 003 | CEME | ||
| 005 | 20210628204821.0 | ||
| 008 | 210222b xxu||||| |||| 00| 0 eng d | ||
| 020 | _a0-13-350547-2 | ||
| 040 | _c. | ||
| 082 | _a629.2504 DAL'A | ||
| 100 |
_aThiesson, F. J Dales, D. N _972539 |
||
| 245 | _aAutomatic electronics and engine performance | ||
| 260 |
_aNEWJERSCY _bPRENTICE HALL _c1995 |
||
| 300 | _a383P | ||
| 650 |
_aAUTOMOBILES ELECTRONIC EQUIPMENT MAINTENANCE AND REPAIR AUTOMOBILES MOTORS MAINTENANCE AND REPAIR _972540 |
||
| 942 |
_cBK _2ddc |
||
| 999 |
_c578539 _d578539 |
||